| 000 | 00593nam a22002172 4500 | ||
|---|---|---|---|
| 001 | 0000005804 | ||
| 005 | 20151217154355.0 | ||
| 008 | 070717s xx 000 0 eng d | ||
| 020 |
_a8187125454 : _cKES 525 |
||
| 040 |
_aKABU _cKABU |
||
| 050 | 0 |
_aHB172.5 _b.J45 2003 |
|
| 100 | 1 |
_aJhingan, M. L. _@0000154929 |
|
| 245 | 1 | 0 | _aMacroeconomic theory. |
| 250 | _a11th ed. | ||
| 260 |
_aDelhi : _bVrinda, _c2003. |
||
| 300 |
_axvi, 787 p. ; _c cm. |
||
| 650 | 0 |
_aMacroeconomics. _@0000149933 |
|
| 908 | _a070717 | ||
| 950 | _@1 | ||
| 999 |
_c10844 _d10844 |
||